| 000 -LEADER |
| fixed length control field |
00595cam a2200181Ia 4500 |
| 020 ## - INTERNATIONAL STANDARD BOOK NUMBER |
| ISBN |
0724253866 (set : pbk.) |
| 020 ## - INTERNATIONAL STANDARD BOOK NUMBER |
| ISBN |
9780724253869 (set : pbk.) |
| 040 ## - CATALOGING SOURCE |
| Transcribing agency |
YQU |
| 082 ## - DEWEY DECIMAL CLASSIFICATION NUMBER |
| Classification number |
630 DOV 1993 Or. |
| 245 10 - TITLE STATEMENT |
| Title |
Proceedings : |
| Remainder of title |
Australia-Pacific Extension Conference, Surfers Paradise, Queensland Australia, October 12-14 1993 / |
| 260 ## - PUBLICATION, DISTRIBUTION, ETC. (IMPRINT) |
| Place of publication |
Newstead, Qld. : |
| Name of publisher |
Dove Rural Media, |
| Year of publication |
1993 |
| 300 ## - PHYSICAL DESCRIPTION |
| Number of Pages |
3 v. : |
| Other physical details |
ill. ; |
| Dimensions |
29 cm |
| 490 1# - SERIES STATEMENT |
| Series statement |
Conference and workshop series ; |
| 650 #0 - SUBJECT ADDED ENTRY--TOPICAL TERM |
| Topical Term |
Agricultural extension work |
| 700 1# - ADDED ENTRY--PERSONAL NAME |
| Personal name |
Coutts, Jeffrey A., |
| 710 1# - ADDED ENTRY--CORPORATE NAME |
| Corporate name or jurisdiction name as entry element |
Queensland. |
| 942 ## - ADDED ENTRY ELEMENTS (KOHA) |
| Koha item type |
សៀវភៅភាសាអង់គ្លេស |
| 952 ## - LOCATION AND ITEM INFORMATION (KOHA) |
| Withdrawn status [LOCAL, KOHA] |
0 |